000 00805nam a22002057a 4500
999 _c15461
_d15461
003 AR-CdUCM
008 190427b ||||| |||| 00| 0 spa d
040 _aMUNICIPALIDAD PROVINCIAL DEL CUSCO
_cBIBLIOTECA MUNICIPAL DEL CUSCO
082 _a985.009 /
_bL52 / 1935
100 _aaLeguía, Jorge Guillermo
_934540
245 _aManuel Lorenzo de Vidaurre :
_bContribución a un ensayo de interpretación sicológica /
260 _aLima :
_c1935.
300 _a231 paginas ;
_c21 cm.
440 _aObras completas
_934541
505 _aContenido :Juventud de Vidaurre --Videurre y los Vidaurres --El abogado --Fidelismo de Vidaurre --El reformista --Vidaurre y los Conjurados ...
650 _aBiografías históricas
_96252
650 _aPerú
_935
942 _2ddc
_cLIBROS
945 _arjall
_d2019-04-27